[Event "Reykjavik Open 2015"]
[Site "Reykjavik ISL"]
[Date "2015.03.10"]
[Round "1.42"]
[White "Sandberg, Martin"]
[Black "Preotu, Razvan"]
[Result "0-1"]
[BlackTitle "IM"]
[WhiteElo "1889"]
[BlackElo "2447"]
[WhiteFideId "1707159"]
[BlackFideId "2613280"]
[EventDate "2015.03.10"]

1. e4 c5 2. Nf3 d6 3. d4 cxd4 4. Nxd4 Nf6 5. Nc3 a6 6. Bg5 Nbd7 7. Qe2 b5 8. f4
Bb7 9. O-O-O Rc8 10. Nf5 Rxc3 11. bxc3 Qa5 12. Ng3 Nc5 13. Bxf6 gxf6 14. e5 fxe5
15. fxe5 Bh6+ 16. Kb1 Na4 17. Rd3 Nxc3+ 18. Rxc3 Qxc3 19. Nf5 Qb4+ 20. Ka1 Bc1
21. Nxd6+ exd6 22. exd6+ Be4 23. d7+ Kd8 0-1

[Event "Reykjavik Open 2015"]
[Site "Reykjavik ISL"]
[Date "2015.03.10"]
[Round "1.43"]
[White "Gunnarsson, Jon Viktor"]
[Black "Valdimarsson, Einar"]
[Result "1-0"]
[WhiteTitle "IM"]
[WhiteElo "2443"]
[BlackElo "1889"]
[WhiteFideId "2300931"]
[BlackFideId "2304813"]
[EventDate "2015.03.10"]

1. e4 c5 2. Nf3 g6 3. d4 cxd4 4. Qxd4 Nf6 5. Nc3 Nc6 6. Qa4 d6 7. e5 dxe5 8.
Nxe5 Bd7 9. Nxd7 Qxd7 10. Be3 Bg7 11. Rd1 Qc8 12. Be2 O-O 13. O-O Rd8 14. h3 Qf5
15. Bf3 g5 16. Ne4 h6 17. Ng3 Qe5 18. c3 Nd5 19. Bc1 Nf4 20. Bxc6 bxc6 21. Qxc6
Ne2+ 22. Nxe2 Qxe2 23. Rde1 Qc2 24. Rxe7 Bf8 25. Ree1 Qf5 26. Qe4 Qa5 27. a3 Re8
28. Qg4 Qb6 29. b4 a5 30. h4 axb4 31. cxb4 Bg7 32. hxg5 h5 33. Qxh5 Bd4 34. Qf3
Kg7 35. Rxe8 Rxe8 36. Rd1 Rh8 37. Be3 1-0

[Event "Reykjavik Open 2015"]
[Site "Reykjavik ISL"]
[Date "2015.03.10"]
[Round "1.44"]
[White "Kenney, David"]
[Black "Petrov, Nikita"]
[Result "0-1"]
[BlackTitle "IM"]
[WhiteElo "1885"]
[BlackElo "2435"]
[WhiteFideId "2617064"]
[BlackFideId "4101286"]
[EventDate "2015.03.10"]

1. d4 Nf6 2. Nf3 d5 3. e3 Bg4 4. Be2 e6 5. Nbd2 c5 6. O-O Nc6 7. c3 Be7 8. h3
Bh5 9. b3 O-O 10. Bb2 cxd4 11. exd4 Rc8 12. Ne5 Bxe2 13. Qxe2 a6 14. a4 Qb6 15.
Rac1 Rc7 16. Kh1 Ne8 17. f4 Nd6 18. g4 Rfc8 19. Ndf3 Na5 20. b4 Nac4 21. Nxc4
Nxc4 22. Ne5 Nd6 23. a5 Qb5 24. Qxb5 Nxb5 25. Nd3 Nxc3 26. Nc5 Ne2 0-1

[Event "Reykjavik Open 2015"]
[Site "Reykjavik ISL"]
[Date "2015.03.10"]
[Round "1.45"]
[White "Pulvett Marin, Daniel"]
[Black "Ingason, Sigurdur"]
[Result "1-0"]
[WhiteTitle "IM"]
[WhiteElo "2434"]
[BlackElo "1880"]
[WhiteFideId "3900410"]
[BlackFideId "2301709"]
[EventDate "2015.03.10"]

1. d4 f5 2. g3 e6 3. Bg2 Nf6 4. Nf3 Be7 5. c4 d6 6. Nc3 O-O 7. b4 Ne4 8. Bb2 Bf6
9. O-O Nxc3 10. Bxc3 Qe7 11. Qd3 Nc6 12. b5 Nd8 13. e4 e5 14. dxe5 dxe5 15. exf5
e4 16. Bxf6 Rxf6 17. Qd5+ Nf7 18. Nh4 e3 19. Rfe1 c6 20. Qd4 exf2+ 21. Qxf2 Qf8
22. g4 g5 23. Nf3 h5 24. h3 Bd7 25. Rad1 Rd8 26. Ne5 Nxe5 27. Rxe5 Rd6 28. Rxd6
Qxd6 29. Qe3 Qf6 30. h4 hxg4 31. hxg5 Qh8 32. f6 Qh5 33. g6 Qh4 34. Qd4 Kf8 35.
Qd6+ Kg8 36. Qe7 1-0

[Event "Reykjavik Open 2015"]
[Site "Reykjavik ISL"]
[Date "2015.03.10"]
[Round "1.46"]
[White "Kolka, Dawid"]
[Black "Wang, Yiye"]
[Result "0-1"]
[BlackTitle "IM"]
[WhiteElo "1875"]
[BlackElo "2433"]
[WhiteFideId "2308010"]
[BlackFideId "8606021"]
[EventDate "2015.03.10"]

1. e4 e6 2. d4 d5 3. Nd2 Nf6 4. e5 Nfd7 5. Ngf3 c5 6. c3 Nc6 7. Bb5 Qb6 8. Bxc6
bxc6 9. O-O a5 10. Re1 Ba6 11. Nf1 Be7 12. Ng3 O-O 13. Qc2 Rfc8 14. Be3 Rab8 15.
Rab1 cxd4 16. cxd4 c5 17. Qd2 Qb4 18. dxc5 Qxd2 19. Bxd2 Rxc5 20. Bc3 a4 21. a3
Rc4 22. Rbc1 Nc5 23. Red1 Nb3 24. Rc2 Rbc8 25. Ne2 R4c7 26. Ned4 Nxd4 27. Rxd4
Bb5 28. h3 Bxa3 29. bxa3 Rxc3 30. Rxc3 Rxc3 31. Rb4 Rb3 32. Nd4 Rxb4 33. axb4 a3
34. f4 Ba4 0-1

[Event "Reykjavik Open 2015"]
[Site "Reykjavik ISL"]
[Date "2015.03.10"]
[Round "1.47"]
[White "Thorfinnsson, Bragi"]
[Black "Nordquelle, Daniel"]
[Result "1-0"]
[WhiteTitle "IM"]
[WhiteElo "2429"]
[BlackElo "1874"]
[WhiteFideId "2300958"]
[BlackFideId "1519042"]
[EventDate "2015.03.10"]

1. e4 e6 2. d3 d5 3. Nd2 c5 4. g3 g6 5. Bg2 Bg7 6. Qe2 Ne7 7. h4 h5 8. Nh3 Nbc6
9. O-O b5 10. c3 a5 11. exd5 exd5 12. a4 b4 13. Nb3 c4 14. dxc4 Ba6 15. Rd1 Bxc4
16. Qc2 bxc3 17. bxc3 Nb4 18. cxb4 Bxb3 19. Qxb3 Bxa1 20. Bg5 f6 21. Rxa1 fxg5
22. Nxg5 Qd6 23. Re1 Qxb4 24. Qe3 Rd8 25. Qe6 1-0

[Event "Reykjavik Open 2015"]
[Site "Reykjavik ISL"]
[Date "2015.03.10"]
[Round "1.48"]
[White "Milvang, Otto"]
[Black "Thorhallsson, Throstur"]
[Result "0-1"]
[BlackTitle "GM"]
[WhiteElo "1872"]
[BlackElo "2428"]
[WhiteFideId "1511360"]
[BlackFideId "2300109"]
[EventDate "2015.03.10"]

1. e4 c5 2. Nc3 Nc6 3. Bb5 Nd4 4. d3 Nxb5 5. Nxb5 g6 6. f4 Bg7 7. Nc3 e6 8. Nf3
Ne7 9. O-O O-O 10. Qe1 d5 11. Qh4 Nc6 12. exd5 exd5 13. Qxd8 Rxd8 14. Bd2 Bg4
15. Rac1 c4 16. h3 Bxf3 17. Rxf3 Nd4 18. Rff1 b5 19. Be3 b4 20. Na4 Ne2+ 21. Kh2
Nxc1 22. Bxc1 Re8 23. dxc4 dxc4 24. Bd2 a5 25. Nb6 Rad8 26. Nxc4 Re4 27. b3 Rxc4
28. bxc4 Rxd2 29. f5 Be5+ 0-1

[Event "Reykjavik Open 2015"]
[Site "Reykjavik ISL"]
[Date "2015.03.10"]
[Round "1.50"]
[White "Heimisson, Hilmir Freyr"]
[Black "Norowitz, Yaacov"]
[Result "0-1"]
[BlackTitle "IM"]
[WhiteElo "1861"]
[BlackElo "2422"]
[WhiteFideId "2309998"]
[BlackFideId "2024799"]
[EventDate "2015.03.10"]

1. e4 c6 2. d4 d5 3. Nc3 dxe4 4. Nxe4 Nf6 5. Nxf6+ gxf6 6. Bf4 Qb6 7. Bd3 Qxd4
8. Ne2 Qd5 9. f3 Nd7 10. Qd2 Nc5 11. Nc3 Nxd3+ 12. cxd3 Qa5 13. O-O-O Bf5 14. g4
Bg6 15. Rhe1 O-O-O 16. d4 e5 17. Bxe5 fxe5 18. Rxe5 Qxe5 19. dxe5 Rxd2 20. Kxd2
Bh6+ 21. Ke2 Bf4 22. h4 h5 23. g5 Rd8 0-1

[Event "Reykjavik Open 2015"]
[Site "Reykjavik ISL"]
[Date "2015.03.10"]
[Round "1.51"]
[White "Hagen, Andreas Skytte"]
[Black "Johansen, Lars"]
[Result "1-0"]
[WhiteTitle "IM"]
[WhiteElo "2412"]
[BlackElo "1855"]
[WhiteFideId "1407341"]
[BlackFideId "1506455"]
[EventDate "2015.03.10"]

1. c4 e5 2. g3 Nc6 3. Nc3 f5 4. Nf3 d6 5. d4 e4 6. Bg5 Be7 7. Bxe7 Ngxe7 8. Nh4
g5 9. Ng2 Ng6 10. h4 h5 11. Qd2 g4 12. O-O-O b6 13. Nf4 Nce7 14. f3 exf3 15.
exf3 Nxf4 16. Qxf4 Ng6 17. Qe3+ Kf7 18. fxg4 f4 19. gxf4 Bxg4 20. Bg2 Bxd1 21.
Bxa8 Qxa8 22. Rxd1 Nxh4 23. Qh3 Qd8 24. Re1 Rh6 25. Nd5 Ng6 26. Qe6+ Kg7 27. Rg1
Qg8 28. Qf6+ Kh7 29. f5 1-0

[Event "Reykjavik Open 2015"]
[Site "Reykjavik ISL"]
[Date "2015.03.10"]
[Round "1.52"]
[White "Hauksson, Hordur Aron"]
[Black "Sequera Paolini, Jose Rafael"]
[Result "0-1"]
[BlackTitle "IM"]
[WhiteElo "1853"]
[BlackElo "2408"]
[WhiteFideId "2303680"]
[BlackFideId "3900304"]
[EventDate "2015.03.10"]

1. d4 e6 2. c4 f5 3. Nc3 Nf6 4. g3 d5 5. Bg2 c6 6. cxd5 exd5 7. Nh3 Be7 8. O-O
O-O 9. f3 Na6 10. Nf2 Nc7 11. e4 fxe4 12. fxe4 Nxe4 13. Ncxe4 dxe4 14. Bxe4 Bf6
15. Qc2 Bxd4 16. Bxh7+ Kh8 17. Bf4 Nd5 18. Rad1 Nxf4 19. gxf4 Rxf4 20. Kh1 Qd5+
21. Be4 Bf5 22. Bxd5 Bxc2 23. Rd2 cxd5 24. Rxc2 Raf8 25. Kg2 Kh7 26. b3 Kg6 27.
Re2 Kh5 28. Kg3 Rxf2 0-1

[Event "Reykjavik Open 2015"]
[Site "Reykjavik ISL"]
[Date "2015.03.10"]
[Round "1.53"]
[White "Soors, Stef"]
[Black "Birkisson, Bjorn Holm"]
[Result "1-0"]
[WhiteTitle "IM"]
[WhiteElo "2408"]
[BlackElo "1845"]
[WhiteFideId "209511"]
[BlackFideId "2310600"]
[EventDate "2015.03.10"]

1. e4 e5 2. Nf3 Nc6 3. Nc3 Nf6 4. Bb5 Bd6 5. d3 h6 6. a3 a6 7. Ba4 O-O 8. g4 Nh7
9. Rg1 Ng5 10. Nxg5 hxg5 11. h4 gxh4 12. g5 g6 13. Qg4 Kg7 14. Qxh4 Rh8 15. Qg3
b5 16. Bb3 Nd4 17. Be3 Nxb3 18. cxb3 Bb7 19. d4 Qe7 20. O-O-O Rh5 21. Kb1 Rah8
22. dxe5 Bxe5 23. Rxd7 Bxg3 24. Rxe7 Bd6 25. Bd4+ Kf8 26. Rd7 Ke8 27. Rxd6 cxd6
28. Bxh8 Rxh8 29. Rg2 Rh4 30. f3 Rh3 31. Rf2 Rg3 32. f4 Re3 33. Kc1 Bxe4 34. Re2
Rxe2 35. Nxe2 Kd7 36. Nd4 d5 37. Kd2 Kd6 38. Kc3 Kc5 39. b4+ Kd6 40. Nb3 Ke6 41.
Nd4+ Kd6 42. Kd2 Bg2 43. Ke3 Bh1 44. Nb3 Ke6 45. Nc5+ Kd6 46. Kd2 Bg2 47. Ke3
Bh1 48. Nb3 Ke6 49. Nc5+ Kf5 50. Kd4 Kxf4 51. Nxa6 Bg2 52. Nc5 Kxg5 53. a4 bxa4
54. b5 Bh3 55. b6 Bc8 56. Kxd5 Kh4 57. Kd6 g5 58. Kc7 g4 59. Kxc8 g3 60. Nd3 1-0

[Event "Reykjavik Open 2015"]
[Site "Reykjavik ISL"]
[Date "2015.03.10"]
[Round "1.54"]
[White "Marshall, Michael"]
[Black "Tania, Sachdev"]
[Result "0-1"]
[BlackTitle "IM"]
[WhiteElo "1844"]
[BlackElo "2404"]
[WhiteFideId "1409956"]
[BlackFideId "5007844"]
[EventDate "2015.03.10"]

1. c4 e5 2. g3 Nf6 3. Bg2 d5 4. cxd5 Nxd5 5. Nc3 Nb6 6. Nf3 Nc6 7. a3 Be6 8. b4
a5 9. b5 Nd4 10. Rb1 a4 11. Nxe5 Bd6 12. Nf3 Bb3 13. Rxb3 Nxb3 14. d3 Nxc1 15.
Qxc1 O-O 16. O-O Qe7 17. Nd4 Be5 18. Nf3 Bxc3 19. Qxc3 Nd5 20. Qb2 c6 21. e4 Nf6
22. Nd4 cxb5 23. Nxb5 Nd7 24. Nc7 Rab8 25. Nd5 Qd6 26. d4 b5 27. e5 Qe6 28. f4
Nb6 29. Nxb6 Qxb6 30. Qb4 Rbc8 31. Rd1 Rc4 32. Qb2 Rd8 33. Kh1 Rcxd4 34. Rxd4
Qxd4 35. Qxb5 Qa1+ 36. Bf1 Qxa3 37. Bc4 Qf3+ 38. Kg1 Rd1+ 0-1

[Event "Reykjavik Open 2015"]
[Site "Reykjavik ISL"]
[Date "2015.03.10"]
[Round "1.55"]
[White "Thorfinnsson, Bjorn"]
[Black "Andersen, Dag"]
[Result "1-0"]
[WhiteTitle "IM"]
[WhiteElo "2403"]
[BlackElo "1843"]
[WhiteFideId "2300982"]
[BlackFideId "1504568"]
[EventDate "2015.03.10"]

1. d4 Nf6 2. c4 c5 3. d5 e5 4. Nc3 d6 5. e4 Nbd7 6. g4 g6 7. g5 Nh5 8. Be2 Ng7
9. h4 Be7 10. h5 gxh5 11. Bxh5 Nf8 12. Bg4 Bxg4 13. Qxg4 Qd7 14. Qg3 O-O-O 15.
Be3 Ng6 16. Rb1 Ne8 17. b4 b6 18. a4 Nc7 19. a5 Na8 20. Nf3 Rdf8 21. axb6 Nxb6
22. bxc5 dxc5 23. Nd2 f6 24. Nb5 Nf4 25. Ra1 Nd3+ 26. Ke2 Nf4+ 27. Bxf4 exf4 28.
Qb3 Qg4+ 29. Kd3 f3 30. Rhb1 Bd8 31. Nxa7+ Kd7 32. Qb5+ Kd6 33. Qc6+ Ke5 34. Rg1
Qd7 35. Qxc5 f5 36. Nxf3+ Kf4 37. Qe3# 1-0

[Event "Reykjavik Open 2015"]
[Site "Reykjavik ISL"]
[Date "2015.03.10"]
[Round "1.56"]
[White "Simpson, Ben"]
[Black "Shen, Victor C"]
[Result "0-1"]
[BlackTitle "IM"]
[WhiteElo "1843"]
[BlackElo "2401"]
[WhiteFideId "444405"]
[BlackFideId "2028581"]
[EventDate "2015.03.10"]

1. e4 c5 2. Nf3 Nc6 3. d4 cxd4 4. Nxd4 Qc7 5. Nc3 e6 6. g3 a6 7. Bg2 d6 8. O-O
Nf6 9. Bg5 Be7 10. Qd2 h6 11. Nxc6 bxc6 12. Bxf6 Bxf6 13. Rad1 Be7 14. Na4 O-O
15. c4 Rb8 16. b4 Rd8 17. Qe1 e5 18. c5 Be6 19. Qc3 Bxa2 20. Rd2 Be6 21. Rfd1
dxc5 22. Nxc5 Bxc5 23. Qxc5 Rxd2 24. Rxd2 Rb5 25. Qc3 a5 26. Rb2 Qb7 27. Bf1
axb4 28. Qd2 Rb6 29. Qd6 Qb8 30. Qc5 b3 31. f4 exf4 32. gxf4 f6 33. f5 Bf7 34.
e5 Qxe5 35. Qxb6 Qxb2 36. Qxc6 Qd4+ 0-1

[Event "Reykjavik Open 2015"]
[Site "Reykjavik ISL"]
[Date "2015.03.10"]
[Round "1.57"]
[White "Foisor, Cristina-Adela"]
[Black "Birkisson, Bardur Orn"]
[Result "1-0"]
[WhiteTitle "IM"]
[WhiteElo "2394"]
[BlackElo "1839"]
[WhiteFideId "1200496"]
[BlackFideId "2310597"]
[EventDate "2015.03.10"]

1. d4 Nf6 2. c4 e6 3. Nc3 Bb4 4. Qc2 b6 5. e4 d6 6. Bd3 e5 7. Qa4+ Nc6 8. d5 b5
9. Qxb5 Rb8 10. Qa4 O-O 11. dxc6 Bc5 12. Nf3 Ng4 13. O-O f5 14. exf5 Bxf5 15.
Qc2 Be6 16. Bg5 Qe8 17. Bxh7+ Kh8 18. Bg6 Qxc6 19. Ne4 Bb6 20. Rac1 Bf5 21. Bxf5
Rxf5 22. Nh4 Nxf2 23. Nxf2 Rxg5 24. Ng6+ Rxg6 25. Qxg6 Rf8 26. Rc3 Rf6 27. Rh3+
Kg8 28. Qh7+ Kf7 29. Rg3 Bxf2+ 30. Rxf2 Qb6 31. Qxg7+ 1-0

[Event "Reykjavik Open 2015"]
[Site "Reykjavik ISL"]
[Date "2015.03.10"]
[Round "1.58"]
[White "Arroyo Figuero, Fernando"]
[Black "L'Ami, Alina"]
[Result "0-1"]
[BlackTitle "IM"]
[WhiteElo "1835"]
[BlackElo "2393"]
[WhiteFideId "22218769"]
[BlackFideId "1210246"]
[EventDate "2015.03.10"]

1. e4 c5 2. Nf3 d6 3. d4 cxd4 4. Qxd4 a6 5. Bg5 Nc6 6. Qd2 Nf6 7. Nc3 e6 8. Bd3
Be7 9. O-O O-O 10. Rad1 b5 11. Rfe1 Qc7 12. Qf4 b4 13. Ne2 e5 14. Qd2 Be6 15.
Ng3 Rfd8 16. Nh4 g6 17. Bh6 Ng4 18. Bg5 f6 19. Be3 d5 20. exd5 Bxd5 21. Qe2 Nxe3
22. Qxe3 Qa7 23. Be4 Qxe3 24. Bxd5+ Rxd5 25. fxe3 Rad8 26. Rxd5 Rxd5 27. Nf3 Ra5
28. Ra1 Bc5 29. Nf1 Kf7 30. N3d2 Ba7 31. Kf2 f5 32. Ke2 Rc5 33. Rc1 Ra5 34. Ra1
Ke6 35. Nb3 Rb5 36. a4 Rd5 37. Rd1 Rxd1 38. Kxd1 e4 39. Ke2 Ne5 40. Nbd2 Kd5 41.
b3 g5 42. Ng3 Ke6 43. h3 h6 44. Nh5 Kf7 45. Ng3 Kg6 46. Ndf1 Nf7 47. Nd2 Nd6 48.
Nb1 f4 49. exf4 gxf4 50. Nf1 Nf5 51. Nbd2 Nd4+ 52. Kd1 e3 53. Nxe3 fxe3 54. Nc4
e2+ 55. Kd2 Bb8 56. Nb2 Bf4+ 0-1

[Event "Reykjavik Open 2015"]
[Site "Reykjavik ISL"]
[Date "2015.03.10"]
[Round "1.59"]
[White "Jensson, Einar Hjalti"]
[Black "Haraldsson, Sigurjon"]
[Result "1-0"]
[WhiteTitle "FM"]
[WhiteElo "2390"]
[BlackElo "1833"]
[WhiteFideId "2301067"]
[BlackFideId "2303655"]
[EventDate "2015.03.10"]

1. c4 e5 2. Nc3 Nc6 3. g3 g6 4. d3 d6 5. Bg2 Bg7 6. Nd5 h6 7. Bd2 Nf6 8. Qc1 Nd4
9. e3 Ne6 10. Ne2 c6 11. Nxf6+ Bxf6 12. O-O O-O 13. e4 h5 14. f4 exf4 15. gxf4
Qb6+ 16. Be3 Qxb2 17. Qxb2 Bxb2 18. Rab1 Bf6 19. d4 Ng7 20. Rb3 Be6 21. d5 cxd5
22. cxd5 Bg4 23. Nd4 Bxd4 24. Bxd4 b6 25. h3 Be2 26. Rc1 Rfc8 27. Rbc3 Rxc3 28.
Rxc3 Ne8 29. Kf2 Bb5 30. Ra3 Rc8 31. Rxa7 Rc2+ 32. Kg1 Bc4 33. Bxb6 Rxa2 34.
Rxa2 Bxa2 35. Kf2 f6 36. Bf1 Bb1 37. Ke3 f5 38. e5 Kf7 39. Bd8 dxe5 40. fxe5 Ng7
41. Bc4 f4+ 42. Kxf4 Bf5 43. h4 Ke8 44. Bf6 Kf7 45. Kg5 Ne8 46. e6+ Kg8 47. Be7
Ng7 48. Kf6 Ne8+ 49. Ke5 Nc7 50. d6 Na8 51. d7 1-0

[Event "Reykjavik Open 2015"]
[Site "Reykjavik ISL"]
[Date "2015.03.10"]
[Round "1.60"]
[White "Jonsson, Pall G"]
[Black "Ahlander, Bjorn"]
[Result "0-1"]
[BlackTitle "IM"]
[WhiteElo "1833"]
[BlackElo "2380"]
[WhiteFideId "2303205"]
[BlackFideId "1700251"]
[EventDate "2015.03.10"]

1. b4 e5 2. Bb2 Bxb4 3. Bxe5 Nf6 4. e3 O-O 5. Nf3 d5 6. Be2 Re8 7. O-O c5 8. c4
Nc6 9. Bb2 d4 10. Qc2 Bg4 11. Bd3 Ba5 12. a3 Bxf3 13. gxf3 Ne5 14. f4 Nxd3 15.
Qxd3 dxe3 16. Qxd8 exf2+ 17. Rxf2 Raxd8 18. Rg2 Nh5 19. Rg5 g6 20. Kf1 Bxd2 21.
Nxd2 Rxd2 22. Re5 Red8 23. Bc3 Rc2 24. Re3 Rxh2 25. Kg1 Rc2 26. Rae1 f6 27. f5
Rd7 28. fxg6 hxg6 29. a4 Kf7 30. Rf1 g5 31. a5 Nf4 32. Rfe1 Ng2 33. R3e2 Nxe1 0-1

[Event "Reykjavik Open 2015"]
[Site "Reykjavik ISL"]
[Date "2015.03.10"]
[Round "1.61"]
[White "Hauge, Lars Oskar"]
[Black "Borg, Flemming"]
[Result "1-0"]
[WhiteTitle "FM"]
[WhiteElo "2380"]
[BlackElo "1828"]
[WhiteFideId "1509276"]
[BlackFideId "1505823"]
[EventDate "2015.03.10"]

1. d4 d6 2. e4 Nf6 3. Nc3 e5 4. Nf3 Nbd7 5. Bc4 Be7 6. O-O c6 7. a4 O-O 8. Re1
a5 9. b3 Qc7 10. Bb2 h6 11. Qd2 Re8 12. Rad1 Bf8 13. Nh4 g6 14. Nxg6 Nb6 15.
Nxf8 Nxc4 16. bxc4 Kxf8 17. Qxh6+ Ke7 18. Ba3 Ng8 19. Qh4+ 1-0

[Event "Reykjavik Open 2015"]
[Site "Reykjavik ISL"]
[Date "2015.03.10"]
[Round "1.62"]
[White "Stuhr, Finn"]
[Black "Abdumalik, Zhansaya"]
[Result "0-1"]
[BlackTitle "WGM"]
[WhiteElo "1823"]
[BlackElo "2379"]
[WhiteFideId "1400789"]
[BlackFideId "13703544"]
[EventDate "2015.03.10"]

1. e4 e6 2. d4 d5 3. e5 c5 4. c3 Nc6 5. Nf3 Qb6 6. Bd3 Bd7 7. Bc2 Rc8 8. Ba4 Qa6
9. Qb3 Nxe5 10. Bxd7+ Nxd7 11. Be3 Ngf6 12. Nbd2 Bd6 13. a4 b6 14. c4 cxd4 15.
Nxd4 dxc4 16. Qc3 Nd5 17. Qc2 c3 18. Ne4 Bb4 19. b3 O-O 20. Rd1 Ne5 21. Nb5 h6
22. O-O f5 23. Ned6 Bxd6 24. Nxd6 Nb4 25. Qc1 Ned3 26. Qa1 Nc2 27. Qb1 Nxe3 28.
Rxd3 c2 29. Qc1 Qxd3 30. Nxc8 Qxf1+ 0-1

[Event "Reykjavik Open 2015"]
[Site "Reykjavik ISL"]
[Date "2015.03.10"]
[Round "1.63"]
[White "Arngrimsson, Dagur"]
[Black "Nicholson, John"]
[Result "1-0"]
[WhiteTitle "IM"]
[WhiteElo "2366"]
[BlackElo "1808"]
[WhiteFideId "2301288"]
[BlackFideId "2501724"]
[EventDate "2015.03.10"]

1. d4 d5 2. c4 e6 3. Nf3 Nf6 4. Nc3 c5 5. cxd5 exd5 6. g3 Nc6 7. Bg2 Be6 8. O-O
cxd4 9. Nxd4 Bc5 10. Be3 Ng4 11. Nxc6 Nxe3 12. Nxd8 Nxd1 13. Nxe6 1-0

[Event "Reykjavik Open 2015"]
[Site "Reykjavik ISL"]
[Date "2015.03.10"]
[Round "1.64"]
[White "Hansen, Tommy"]
[Black "Khademalsharieh, Sarasadat"]
[Result "0-1"]
[BlackTitle "WGM"]
[WhiteElo "1807"]
[BlackElo "2357"]
[WhiteFideId "1511009"]
[BlackFideId "12512214"]
[EventDate "2015.03.10"]

1. e4 e5 2. Nf3 Nc6 3. d4 exd4 4. Bc4 Bc5 5. c3 Nf6 6. e5 d5 7. Bb5 Ne4 8. cxd4
Bb6 9. O-O O-O 10. Be3 Bg4 11. Bxc6 bxc6 12. Qc1 Qd7 13. Nbd2 Rae8 14. Qc2 Bf5
15. Qc1 Nxd2 16. Bxd2 Re6 17. Bb4 Rfe8 18. Qf4 Bd3 19. Rfc1 Rg6 20. e6 Qxe6 21.
Re1 Be4 22. Ng5 Qd7 23. Nxe4 dxe4 24. Rxe4 Rxe4 25. Qxe4 Rg4 26. Qc2 Rxd4 27.
Bc3 Rd5 28. Re1 h5 29. h3 Ba5 30. Bxa5 Rxa5 31. a3 Rd5 32. b4 a5 33. Rc1 axb4
34. axb4 Qd6 35. g3 h4 36. Qxc6 Qe5 37. Qxc7 Rd1+ 38. Kg2 Qe4+ 0-1

[Event "Reykjavik Open 2015"]
[Site "Reykjavik ISL"]
[Date "2015.03.10"]
[Round "1.65"]
[White "Welling, Gerard"]
[Black "Moller, Agnar T"]
[Result "1-0"]
[WhiteTitle "IM"]
[WhiteElo "2355"]
[BlackElo "1806"]
[WhiteFideId "1000446"]
[BlackFideId "2303469"]
[EventDate "2015.03.10"]

1. e4 c5 2. d3 Nc6 3. g3 g6 4. Bg2 Bg7 5. f4 b5 6. Nf3 e6 7. O-O Nge7 8. e5 Nf5
9. Nc3 Qb6 10. Ne4 h5 11. c3 Bb7 12. Nfg5 Rd8 13. Qe2 Nce7 14. Be3 Bxe4 15. Nxe4
Nxe3 16. Qxe3 Nf5 17. Qxc5 Qxc5+ 18. Nxc5 Ne3 19. Rf3 Nxg2 20. Kxg2 Bf8 21. Ne4
Be7 22. d4 O-O 23. Rd3 d5 24. exd6 Bxd6 25. a4 a6 26. axb5 axb5 27. d5 f5 28.
Ng5 1-0

[Event "Reykjavik Open 2015"]
[Site "Reykjavik ISL"]
[Date "2015.03.10"]
[Round "1.66"]
[White "Roser, Ludwig"]
[Black "Christiansen, Johan-Sebastian"]
[Result "0-1"]
[BlackTitle "FM"]
[WhiteElo "1802"]
[BlackElo "2351"]
[WhiteFideId "12928119"]
[BlackFideId "1512668"]
[EventDate "2015.03.10"]

1. d4 Nf6 2. Nf3 c5 3. d5 b5 4. Bg5 Qb6 5. e3 Bb7 6. Bxf6 Qxf6 7. c3 Qb6 8. Be2
g6 9. Na3 a6 10. O-O Bg7 11. Qd2 O-O 12. Nc2 d6 13. Rfb1 Nd7 14. e4 Nf6 15. Qf4
e6 16. dxe6 fxe6 17. Qh4 Nxe4 18. Ne3 e5 19. Rf1 Rae8 20. g3 Qc6 21. Ne1 Nxc3
22. Bf3 Ne2+ 23. Kg2 Rxf3 24. Nxf3 Qxf3+ 25. Kh3 Bc8+ 26. Ng4 Nf4# 0-1

[Event "Reykjavik Open 2015"]
[Site "Reykjavik ISL"]
[Date "2015.03.10"]
[Round "1.67"]
[White "Gulamali, Kazim"]
[Black "Hojgaard, Brandur"]
[Result "1-0"]
[WhiteTitle "FM"]
[WhiteElo "2350"]
[BlackElo "1787"]
[WhiteFideId "2024764"]
[BlackFideId "7201478"]
[EventDate "2015.03.10"]

1. e4 e5 2. Nf3 Nc6 3. Bb5 a6 4. Ba4 Nf6 5. O-O Nxe4 6. d4 b5 7. Bb3 d5 8. dxe5
Be6 9. c3 Bc5 10. Bc2 O-O 11. Nbd2 f5 12. Nb3 Bb6 13. Nfd4 Nxd4 14. Nxd4 Qd7 15.
f3 Nc5 16. Be3 Nb7 17. a4 c5 18. Nxe6 Qxe6 19. axb5 Qxe5 20. Re1 axb5 21. Rxa8
Rxa8 22. Bg5 Qd6 23. Bxf5 c4+ 24. Kh1 Nc5 25. Qe2 d4 26. cxd4 Qxd4 27. Be3 Qd6
28. Bxc5 Bxc5 29. Bxh7+ Kh8 30. Bb1 Rf8 31. f4 Qd5 32. Rd1 Qf7 33. Qe4 Qg8 34.
Qg6 Rf6 35. Qh5+ 1-0

[Event "Reykjavik Open 2015"]
[Site "Reykjavik ISL"]
[Date "2015.03.10"]
[Round "1.68"]
[White "Sibiya, Ruddy T"]
[Black "Vuilleumier, Alexandre"]
[Result "1/2-1/2"]
[BlackTitle "IM"]
[WhiteElo "1784"]
[BlackElo "2349"]
[WhiteFideId "14308711"]
[BlackFideId "1305662"]
[EventDate "2015.03.10"]

1. c4 e5 2. Nc3 Bb4 3. Nd5 Be7 4. e4 Nf6 5. d3 Nxd5 6. cxd5 c6 7. dxc6 dxc6 8.
Nf3 Bg4 9. Be2 Bxf3 10. Bxf3 Bb4+ 11. Bd2 Qa5 12. a3 Bxd2+ 13. Qxd2 Qxd2+ 14.
Kxd2 Na6 15. Rhc1 Nc7 16. Rc5 f6 17. Bg4 Nb5 18. Be6 Nd4 19. Ba2 Ke7 20. Ke3 b6
21. Rc3 a5 22. a4 Kd6 23. Rac1 Rab8 24. Bc4 Rb7 25. Ba6 Ra7 26. Bc4 Rc8 27. Bd5
Rac7 28. Ba2 b5 29. axb5 Nxb5 30. Rb3 Rb8 31. Rc4 Rcb7 32. Kd2 Nd4 33. Rxb7 Rxb7
34. Kc3 Ne2+ 35. Kc2 Ra7 36. Ra4 Nd4+ 37. Kc3 c5 38. Bc4 g6 39. b3 f5 40. Ra2
Nc6 41. Ra1 Ne7 42. Bb5 Ng8 43. g3 Nf6 44. f3 Nh5 45. exf5 gxf5 46. Ra4 f4 47.
g4 Nf6 48. Bc4 Nd7 49. h4 Nf8 50. Ra1 Ng6 51. Rh1 h6 52. Bb5 Ne7 53. g5 Nf5 54.
Be8 Ng3 55. Rh2 Re7 56. Bg6 Rg7 57. h5 hxg5 58. h6 Rg8 59. h7 Rh8 60. Bf7 Ke7
61. Bg8 e4 62. dxe4 g4 63. fxg4 Nxe4+ 64. Kd3 Nf6 65. Rf2 Nxg8 66. hxg8=Q Rxg8
67. Rxf4 Kd6 68. Kc4 Ke5 69. Rf5+ Ke6 70. Rxc5 Rxg4+ 71. Kb5 Rb4+ 72. Kxa5 1/2-1/2